000
00210nam a22000857a 4500
008
170202b xxu||||| |||| 00| 0 eng d
100
_9
2743
_a
CBSE
245
_a
Entre Jeunes-2-Class-X
260
_a
New Delhi
_b
CBSE
_c
2008
999
_c
5920
_d
5920